00916cam a2200265 a 450000100100000000500170001000800410002702000150006804000250008304300120010808200250012010000320014524500470017725000110022426000690023530000400030450000320034450000420037665000290041865000200044791000280046704900090049595201290050499900170063300001431520250528135752.0900618s1991 pr ah b 000 0 spa d a0929441249 aDO-SdBNPcDLCdBNPHU anwpr--- a331.125bS247m, 19911 aSarramía, Tomás,93228113aEl mundo del empleo /cTomás Sarramía. a2a ed. aSan Juan, Puerto Rico :bPublicaciones Puertorriqueñas,c1991. axii, 328 p. :bil., fasc. ;c23 cm. a2a ed. revisada y aumentada aIncluye notas al pie de las páginas 4aBusqueda de empleo93801 0aEmpleos 932282 aCatalogación derivada aBNGR 001054708MOaGRbGRcCTd2009-12-09iLF1l0o331.125 S247m, 1991p14315-10r2020-06-25w2020-06-25y4ZPréstamo en sala c13910d13910